000 00369nam a22001457a 4500
020 _a9789693518467
040 _cNUST
082 _a891.4391
_bQAS
100 _aQasmi, Ahmed Nadeem
_925476
245 _aNadeem Ki Nazmain
260 _aLAHORE
_bSang-E-Meel Publications
_c2006
300 _b1415P. :(2Vols.in 1)
650 _2Urdu Literature-Poems
942 _2ddc
_cBK
999 _c585805
_d585805